Top 10 most dangerous mammals quiz - Statistics

General Stats
  • This quiz has been taken 767 times
  • The average score is 6 of 10
Answer Stats
Hint Answer % Correct
orange and black stripes tiger
95%
River Horse Hippo
83%
Weigh six to fifteen thousand pounds Elephant
82%
beautiful and intellegent (Lives in the ocean) dolphin
71%
Primate Chimp
64%
weighs five thousand pounds and has poor eye sight rhino
64%
mothers are called Sows boar
36%
hunted by lions, hyenas's, and man cape buffalo
36%
Kill for fun Man
31%
can smell prey 18 miles away polar bear
30%
No matching quizzes found
Score Distribution
Percent of People with Each Score
Percentile by Number Answered
Your Score History
You have not taken this quiz